Statystyki dla Najwięcej występów w polskiej reprezentacji

Kliknij tutaj aby rozwiązać quiz!

Ogólne statystyki

  • Ten quiz został rozwiązany 636 razy
    (365 od ostatniego zresetowania)
  • Średni wynik to 23 z 51

Statystyki odpowiedzi

Lp.ZawodnikWystępyLata% Poprawnych
1.Robert Lewandowski1062008–
100%
1.Jakub Błaszczykowski1062006–
97%
19.Mariusz Lewandowski662002–2013
95%
10.Zbigniew Boniek801976–1988
91%
4.Grzegorz Lato1001971–1984
91%
20.Łukasz Piszczek652007–2018
88%
17.Kamil Glik682010–
88%
5.Kazimierz Deyna971968–1978
87%
20.Artur Boruc652004–2017
84%
50.Łukasz Fabiański502006–
82%
23.Grzegorz Krychowiak632008–
77%
31.Jerzy Dudek601998–2013
76%
17.Kamil Grosicki682008–
75%
3.Michał Żewłakow1021999–2011
75%
31.Włodzimierz Smolarek601980–1992
71%
6.Jacek Krzynówek961998–2009
65%
11.Włodzimierz Lubański751963–1980
64%
23.Jan Tomaszewski631971–1981
61%
26.Tomasz Hajto621996–2005
60%
6.Jacek Bąk961993–2008
54%
31.Jacek Zieliński601995–2003
54%
29.Andrzej Szarmach611973–1982
53%
13.Maciej Żurawski721998–2008
52%
42.Maciej Rybus542009–
47%
8.Władysław Żmuda911973–1986
39%
26.Robert Gadocha621967–1975
37%
31.Marcin Wasilewski602002–2013
33%
40.Jerzy Gorgoń551970–1978
33%
12.Tomasz Wałdoch741991–2002
33%
15.Roman Kosecki691988–1995
32%
20.Dariusz Dudka652004–2012
28%
15.Tomasz Kłos691998–2006
27%
14.Piotr Świerczewski701992–2003
25%
35.Lucjan Brychczy581954–1969
24%
29.Henryk Kasperczak611973–1978
24%
23.Dariusz Dziekanowski631981–1990
24%
47.Kamil Kosowski522001–2009
23%
43.Paweł Janas531976–1984
18%
43.Edward Szymkowiak531952–1965
18%
9.Antoni Szymanowski821970–1980
17%
49.Andrzej Buncol511980–1986
15%
37.Jan Urban571985–1991
12%
50.Krzysztof Warzycha501984–1997
11%
35.Ryszard Tarasiewicz581984–1991
8%
43.Dariusz Wdowczyk531984–1992
7%
26.Roman Wójcicki621978–1989
6%
37.Stanisław Oślizło571961–1971
6%
37.Lesław Ćmikiewicz571970–1979
5%
47.Józef Wandzik521985–1995
5%
40.Waldemar Matysik551980–1989
4%
43.Marek Dziuba531977–1984
3%

Rozkład punktacji

Percentyl według liczby udzielonych odpowiedzi

Procent ludzi z każdym wynikiem

Twoja historia wyników

Nie rozwiązałeś tego quizu od ostatniego zresetowania